[Event "MVP-ch Seniors op 12th"]
[Site "Binz"]
[Date "2012.12.06"]
[Round "9"]
[White "Segelken, Peter"]
[Black "Koehler, Marianne"]
[Result "1/2-1/2"]
[WhiteElo "1570"]
[BlackElo "1438"]
[PlyCount "103"]
[EventDate "2012.11.28"]
[EventType "swiss"]
[EventRounds "9"]
[EventCountry "GER"]
[SourceTitle "EXT 2014"]
[Source "ChessBase"]
[SourceDate "2013.11.20"]
[SourceVersion "1"]
[SourceVersionDate "2013.11.20"]
[SourceQuality "1"]

1. e4 e6 2. Nc3 c6 3. d4 d5 4. exd5 cxd5 5. Nf3 Be7 6. Bd3 Nc6 7. 0-0 Nf6 8. h3 a6 9. a3 b5 10. Bg5 h6 11. Bxf6 Bxf6 12. Ne2 g5 13. c3 h5 14. Nh2 Kd7 15. a4 b4 16. cxb4 Nxb4 17. a5 Nxd3 18. Qxd3 Bb7 19. Nf3 Qb8 20. Qe3 g4 21. Ne5+ Bxe5 22. Qxe5 Qd8 23. Kh2 f6 24. Qg3 f5 25. Qe5 Qc7 26. Qxc7+ Kxc7 27. Rac1+ Kd6 28. Nf4 Rac8 29. Rc3 h4 30. Rfc1 Rxc3 31. Rxc3 Rg8 32. Rb3 g3+ 33. fxg3 hxg3+ 34. Kg1 Rc8 35. Rb6+ Rc6 36. Rxc6+ Bxc6 37. Ne2 e5 38. Nxg3 f4 39. dxe5+ Kxe5 40. Ne2 d4 41. Kf2 Ke4 42. h4 Be8 43. b4 Bh5 44. b5 axb5 45. a6 Be8 46. a7 Bc6 47. h5 d3 48. Nc3+ Kf5 49. Nxb5 Kg5 50. Nc7 d2 51. Ke2 Bxg2 52. Kxd2 1/2-1/2

[Event "MVP-ch Seniors op 12th"]
[Site "Binz"]
[Date "2012.12.05"]
[Round "8"]
[White "Helbig, Christoph"]
[Black "Segelken, Peter"]
[Result "1-0"]
[WhiteElo "1552"]
[BlackElo "1570"]
[PlyCount "86"]
[EventDate "2012.11.28"]
[EventType "swiss"]
[EventRounds "9"]
[EventCountry "GER"]
[SourceTitle "EXT 2014"]
[Source "ChessBase"]
[SourceDate "2013.11.20"]
[SourceVersion "1"]
[SourceVersionDate "2013.11.20"]
[SourceQuality "1"]

1. Nf3 d5 2. c4 c6 3. b3 Nf6 4. Bb2 Nbd7 5. g3 g6 6. Bg2 Bg7 7. 0-0 0-0 8. d3 Re8 9. Nbd2 e5 10. Qc2 d4 11. Ng5 h6 12. Nge4 Nxe4 13. Nxe4 Nf6 14. Ba3 Nxe4 15. dxe4 Be6 16. Rad1 Qd7 17. f4 exf4 18. Rxf4 Be5 19. Rf2 Rad8 20. Rd3 f5 21. Bc1 Kh7 22. Qd2 g5 23. h4 f4 24. hxg5 hxg5 25. gxf4 Bxf4 26. Rxf4 gxf4 27. Qxf4 Re7 28. Qh6+ Kg8 29. Rg3+ Rg7 30. Rxg7+ Qxg7 31. Qxe6+ Qf7 32. Qxf7+ Kxf7 33. Bg5 d3 34. exd3 Rxd3 35. Kf2 Rc3 36. Bf1 Rc2+ 37. Ke3 Rxa2 38. c5 Ra5 39. Kd4 b6 40. b4 bxc5+ 41. bxc5 Ra4+ 42. Ke5 Ra1 43. Bc4+ Ke8 1-0

[Event "Niedersachsen-ch Seniors op 14th"]
[Site "Bad Bevensen"]
[Date "2011.07.10"]
[Round "6"]
[White "Segelken, Peter"]
[Black "Ahlberg, Guenter"]
[Result "1/2-1/2"]
[WhiteElo "1735"]
[BlackElo "1924"]
[PlyCount "55"]
[EventDate "2011.07.05"]
[EventType "swiss"]
[EventRounds "9"]
[EventCountry "GER"]
[SourceTitle "EXT 2012"]
[Source "ChessBase"]
[SourceDate "2011.11.24"]
[SourceVersion "1"]
[SourceVersionDate "2011.11.24"]
[SourceQuality "1"]

1. e4 c6 2. Nf3 d5 3. exd5 cxd5 4. Bb5+ Bd7 5. Bxd7+ Nxd7 6. d4 e6 7. 0-0 Bd6 8. b3 Qc7 9. Bb2 Rc8 10. c3 Ngf6 11. Nbd2 0-0 12. h3 Rfe8 13. c4 b6 14. Rc1 Qb8 15. Qe2 Bf4 16. Rcd1 Bxd2 17. Nxd2 e5 18. dxe5 Nxe5 19. Bxe5 Rxe5 20. Qd3 Rce8 21. Nf3 dxc4 22. Qxc4 Rc5 23. Qd4 h6 24. Rfe1 Rd5 25. Rxe8+ Qxe8 26. Qa1 Qd8 27. Rxd5 Qxd5 28. Qd4 1/2-1/2

[Event "Niedersachsen-ch Seniors op 14th"]
[Site "Bad Bevensen"]
[Date "2011.07.08"]
[Round "4"]
[White "Segelken, Peter"]
[Black "Zunker, Reinhard"]
[Result "1/2-1/2"]
[WhiteElo "1735"]
[BlackElo "2024"]
[PlyCount "53"]
[EventDate "2011.07.05"]
[EventType "swiss"]
[EventRounds "9"]
[EventCountry "GER"]
[SourceTitle "EXT 2012"]
[Source "ChessBase"]
[SourceDate "2011.11.24"]
[SourceVersion "1"]
[SourceVersionDate "2011.11.24"]
[SourceQuality "1"]

1. e4 c5 2. Nf3 Nc6 3. d3 g6 4. Be2 Bg7 5. c3 Nf6 6. 0-0 d6 7. h3 0-0 8. Be3 Qc7 9. Nbd2 b6 10. Nh2 e5 11. f4 Bb7 12. f5 d5 13. Bg5 h6 14. Bxf6 Bxf6 15. Ng4 Bg5 16. Nf3 gxf5 17. Nxg5 fxg4 18. exd5 hxg5 19. dxc6 Qxc6 20. Rf2 g3 21. Rf3 f6 22. Rxg3 Rad8 23. h4 e4 24. Qb3+ c4 25. dxc4 Qc5+ 26. Kh2 Kg7 27. Rd1 1/2-1/2

[Event "Merano Gold Cup 39th"]
[Site "Merano"]
[Date "2011.05.01"]
[Round "2"]
[White "Segelken, Peter"]
[Black "Buchaeckert, Juergen"]
[Result "1/2-1/2"]
[WhiteElo "1861"]
[BlackElo "2002"]
[PlyCount "53"]
[EventDate "2011.04.30"]
[EventType "swiss"]
[EventRounds "9"]
[EventCountry "ITA"]
[SourceTitle "EXT 2015"]
[Source "ChessBase"]
[SourceDate "2014.11.20"]
[SourceVersion "1"]
[SourceVersionDate "2014.11.20"]
[SourceQuality "1"]

1. e4 c5 2. Nf3 Nc6 3. d4 cxd4 4. Nxd4 Nf6 5. Nc3 e5 6. Ndb5 d6 7. Bg5 a6 8. Na3 b5 9. Nd5 Be7 10. Nxe7 Nxe7 11. Bd3 d5 12. Bxf6 gxf6 13. exd5 Qxd5 14. Qf3 Qxf3 15. gxf3 f5 16. Rg1 Bb7 17. Be2 0-0-0 18. Rd1 Rxd1+ 19. Bxd1 Ng6 20. Nb1 e4 21. fxe4 Re8 22. f3 fxe4 23. fxe4 Bxe4 24. Kf2 Rd8 25. Re1 f5 26. Bf3 Bxf3 27. Kxf3 1/2-1/2

[Event "Bremen-ch op"]
[Site "Delmenhorst"]
[Date "2011.04.23"]
[Round "8"]
[White "Munk, Leonhard"]
[Black "Segelken, Peter"]
[Result "1/2-1/2"]
[WhiteElo "1953"]
[BlackElo "1861"]
[PlyCount "118"]
[EventDate "2011.04.16"]
[EventType "swiss"]
[EventRounds "9"]
[EventCountry "GER"]
[SourceTitle "EXT 2012"]
[Source "ChessBase"]
[SourceDate "2011.11.24"]
[SourceVersion "1"]
[SourceVersionDate "2011.11.24"]
[SourceQuality "1"]

1. d4 d5 2. c4 c6 3. Nc3 e6 4. Nf3 Nf6 5. Bg5 Be7 6. e3 0-0 7. Bd3 Nbd7 8. c5 Ne8 9. Bxe7 Qxe7 10. b4 e5 11. dxe5 Nxe5 12. 0-0 Bg4 13. Be2 Rd8 14. Nxe5 Qxe5 15. Qd4 Qxd4 16. exd4 Bxe2 17. Nxe2 Nf6 18. Ng3 g6 19. Rfe1 Rfe8 20. f3 h5 21. Kf2 Rxe1 22. Rxe1 Re8 23. Rxe8+ Nxe8 24. Ne2 Kg7 25. Nc3 Kf6 26. a4 a6 27. b5 axb5 28. axb5 Nc7 29. b6 Ne6 30. Ke3 Nd8 31. h3 Kg5 32. g3 Kf6 33. h4 Kf5 34. Nd1 f6 35. Nf2 g5 36. g4+ hxg4 37. fxg4+ Kg6 38. h5+ Kh6 39. Nd3 Ne6 40. Nb4 Nd8 41. Kf3 Kh7 42. Nc2 Ne6 43. Ke3 Kh6 44. Nb4 Nd8 45. Nd3 Ne6 46. Nb4 Nd8 47. Nc2 f5 48. Kf3 f4 49. Nb4 Kh7 50. Ke2 Kg7 51. Kd3 Kf6 52. Nc2 Nf7 53. Ke2 Ke6 54. Ne1 Kf6 55. Nd3 Ke6 56. Kf3 Kf6 57. Ke2 Ke6 58. Ne1 Kf6 59. Nf3 Ke6 1/2-1/2

[Event "Bremen-ch op"]
[Site "Delmenhorst"]
[Date "2011.04.23"]
[Round "5"]
[White "Segelken, Peter"]
[Black "Ditmas, Hugh"]
[Result "1/2-1/2"]
[WhiteElo "1861"]
[BlackElo "1913"]
[PlyCount "120"]
[EventDate "2011.04.16"]
[EventType "swiss"]
[EventRounds "9"]
[EventCountry "GER"]
[SourceTitle "EXT 2012"]
[Source "ChessBase"]
[SourceDate "2011.11.24"]
[SourceVersion "1"]
[SourceVersionDate "2011.11.24"]
[SourceQuality "1"]

1. e4 c5 2. Nf3 Nc6 3. d4 cxd4 4. Nxd4 Nf6 5. Nc3 e5 6. Ndb5 d6 7. Nd5 Nxd5 8. exd5 Nb8 9. c4 Be7 10. Be2 a6 11. Nc3 0-0 12. 0-0 f5 13. f4 Bf6 14. fxe5 Bxe5 15. Rf3 Nd7 16. Bf4 Qb6+ 17. Kh1 Qxb2 18. Rb1 Qa3 19. Nb5 Qa5 20. Nxd6 Qc7 21. Nxc8 Raxc8 22. d6 Qc6 23. Bxe5 Nxe5 24. Rfb3 Rfd8 25. Rb6 Qc5 26. Rxb7 Rxd6 27. Qf1 g6 28. Qf4 Qd4 29. Qxd4 Rxd4 30. h3 Rd2 31. R1b2 Rxb2 32. Rxb2 Rc5 33. Rb6 Ra5 34. Rb2 Nd7 35. Bf3 Nc5 36. Bd5+ Kg7 37. Re2 Kf6 38. g3 g5 39. Kg2 Ra3 40. Rb2 Ke5 41. Rd2 h6 42. Bc6 Nd3 43. Bd7 f4 44. gxf4+ Nxf4+ 45. Kh2 Rd3 46. Rxd3 Nxd3 47. Kg3 Kd4 48. Bc8 a5 49. Kg4 Nf4 50. h4 Kxc4 51. hxg5 hxg5 52. Kxg5 Ng2 53. Kf5 Ne3+ 54. Ke4 Nd1 55. Ba6+ Kc3 56. Bc8 Nf2+ 57. Kd5 Kb4 58. Kc6 Nd3 59. Kb6 Ne5 60. Bf5 Nc4+ 1/2-1/2

[Event "Niedersachsen-ch Seniors op 13th"]
[Site "Bad Bevensen"]
[Date "2010.07.08"]
[Round "3"]
[White "Segelken, Peter"]
[Black "Schmidt, Manfred"]
[Result "0-1"]
[WhiteElo "1647"]
[BlackElo "1890"]
[PlyCount "122"]
[EventDate "2010.07.06"]
[EventType "swiss"]
[EventRounds "9"]
[EventCountry "GER"]
[SourceTitle "EXT 2012"]
[Source "ChessBase"]
[SourceDate "2011.11.24"]
[SourceVersion "1"]
[SourceVersionDate "2011.11.24"]
[SourceQuality "1"]

1. e4 d5 2. exd5 Nf6 3. Nc3 Nxd5 4. Nxd5 Qxd5 5. Qf3 Qa5 6. Qc3 Qxc3 7. bxc3 Bf5 8. d3 Nc6 9. Nf3 0-0-0 10. Be2 e5 11. 0-0 f6 12. Ne1 Bc5 13. Kh1 Rhe8 14. Be3 Ba3 15. Bc1 Bd6 16. a4 Kb8 17. Ba3 Bd7 18. Bf3 f5 19. Bxd6 cxd6 20. Bd5 Ne7 21. Bf7 Rf8 22. Bb3 Bc6 23. a5 a6 24. Ba4 e4 25. Bxc6 Nxc6 26. d4 d5 27. f4 Rfe8 28. g3 Re7 29. Rf2 Rc7 30. Re2 Rdc8 31. Ng2 Ne7 32. Ne3 Rxc3 33. Ra2 g6 34. Kg2 Kc7 35. Nd1 Rc4 36. c3 Nc6 37. Reb2 Ne7 38. Rb6 Rc6 39. Rb3 Kb8 40. Rab2 R8c7 41. Kf2 Nc8 42. Rc2 Na7 43. Ne3 Rd7 44. Ke2 Nb5 45. Kd2 Nd6 46. Ke2 Nc4 47. Nxc4 Rxc4 48. Ra3 Rdc7 49. Kd2 Kc8 50. Rb2 Re7 51. Ke3 Rec7 52. Kd2 Kd7 53. Rab3 Ra4 54. Rxb7 Rxa5 55. h3 Ra3 56. Rxc7+ Kxc7 57. g4 Ra1 58. gxf5 gxf5 59. c4 Ra4 60. cxd5 Rxd4+ 61. Ke3 Rxd5 0-1

[Event "Bremen-ch op"]
[Site "Bremen"]
[Date "2010.03.30"]
[Round "5"]
[White "Segelken, Peter"]
[Black "Calder, Dennis"]
[Result "0-1"]
[WhiteElo "1846"]
[BlackElo "1920"]
[PlyCount "108"]
[EventDate "2010.03.27"]
[EventType "swiss"]
[EventRounds "9"]
[EventCountry "GER"]
[SourceTitle "EXT 2022"]
[Source "ChessBase"]
[SourceDate "2021.10.06"]
[SourceVersion "1"]
[SourceVersionDate "2021.10.06"]
[SourceQuality "1"]

1. e4 e5 2. Nf3 Nc6 3. Bb5 a6 4. Ba4 Nf6 5. d3 d6 6. 0-0 Bd7 7. c3 g6 8. h3 Bg7 9. Be3 0-0 10. Nbd2 Nh5 11. Kh2 Nf4 12. Bxf4 exf4 13. d4 Rb8 14. Bc2 Qe7 15. Bd3 Rfe8 16. Qc2 Kh8 17. Rae1 Qf8 18. Re2 Re7 19. Rfe1 Rbe8 20. b4 f5 21. exf5 Rxe2 22. Rxe2 Rxe2 23. Bxe2 Bxf5 24. Bd3 Bd7 25. a4 Ne7 26. a5 Nd5 27. Be4 Bf5 28. Bxf5 Qxf5 29. Qxf5 gxf5 30. Nb1 Bf6 31. Kg1 Kg7 32. Kf1 c5 33. bxc5 dxc5 34. c4 Nb4 35. d5 Nd3 36. Nfd2 Bd4 37. f3 Nc1 38. Ke1 Kf6 39. Kd1 Nd3 40. Nb3 Nb2+ 41. Kc2 Nxc4 42. Nxd4 cxd4 43. Kd3 Nxa5 44. Kxd4 b6 45. Nd2 Nb7 46. Nc4 b5 47. Ne5 Ke7 48. Nd3 Kd6 49. Nxf4 Nc5 50. Nh5 a5 51. f4 a4 52. Nf6 a3 53. Kc3 Ne4+ 54. Nxe4+ fxe4 0-1

[Event "Bad Breisig op"]
[Site "Bad Breisig"]
[Date "2009.11.27"]
[Round "7"]
[White "Segelken, Peter"]
[Black "Boidman, Yuri"]
[Result "0-1"]
[WhiteElo "1866"]
[BlackElo "2393"]
[PlyCount "38"]
[EventDate "2009.11.21"]
[EventType "swiss"]
[EventRounds "9"]
[EventCountry "GER"]
[SourceTitle "EXT 2019"]
[Source "ChessBase"]
[SourceDate "2018.10.10"]
[SourceVersion "1"]
[SourceVersionDate "2018.10.10"]
[SourceQuality "1"]

1. e4 c5 2. Nf3 Nc6 3. Nc3 Nf6 4. h3 d6 5. Bb5 Bd7 6. d3 a6 7. Bxc6 Bxc6 8. 0-0 e5 9. Nh2 d5 10. exd5 Nxd5 11. Re1 Bd6 12. Ne4 0-0 13. Nxd6 Qxd6 14. Ng4 Rae8 15. Ne3 Nf4 16. Kh2 Re6 17. Nf5 Qd5 18. Ne3 Qd7 19. g3 Rh6 0-1

[Event "Budapest FS07 FM-A"]
[Site "Budapest"]
[Date "2009.07.08"]
[Round "5"]
[White "Segelken, Peter"]
[Black "Ten Hagen, Yorick"]
[Result "0-1"]
[WhiteElo "1912"]
[BlackElo "2150"]
[PlyCount "98"]
[EventDate "2009.07.04"]
[EventType "tourn"]
[EventRounds "11"]
[EventCountry "HUN"]
[SourceTitle "CBM 131 Extra"]
[Source "ChessBase"]
[SourceDate "2009.09.03"]
[SourceVersion "2"]
[SourceVersionDate "2009.09.16"]
[SourceQuality "1"]

1. e4 c5 2. Nf3 d6 3. Nc3 Nf6 4. Bb5+ Bd7 5. Bxd7+ Qxd7 6. 0-0 Nc6 7. d3 g6 8. Be3 Bg7 9. Qd2 Ng4 10. h3 Nxe3 11. Qxe3 0-0 12. Nd1 Nd4 13. Nxd4 Bxd4 14. Qe2 Bg7 15. c4 a6 16. Rb1 b5 17. b3 b4 18. f4 e6 19. Ne3 f5 20. exf5 gxf5 21. Kh1 Kh8 22. Rf3 Bd4 23. Rbf1 Rae8 24. Nc2 Bc3 25. Qf2 Qg7 26. Rg3 Qf6 27. Rf3 a5 28. Kh2 a4 29. Qe2 Qg7 30. Qf2 Rg8 31. Qe2 Re7 32. Qf2 Ra7 33. Ne3 axb3 34. axb3 Bd4 35. Qe2 Qg6 36. g4 fxg4 37. Nxg4 Rga8 38. Qe4 Ra2+ 39. Kh1 Qxe4 40. dxe4 h5 41. Nf2 R8a3 42. f5 exf5 43. Rxf5 Bxf2 44. R1xf2 Rxf2 45. Rxf2 Rxb3 46. Rd2 Rc3 47. Rxd6 Rxc4 48. e5 Kg7 49. Rb6 Re4 0-1

[Event "Oberfranken-ch Seniors"]
[Site "Bischofsgruen"]
[Date "2009.06.11"]
[Round "7"]
[White "Segelken, Peter"]
[Black "Weidmann, Hartmut"]
[Result "1-0"]
[WhiteElo "1912"]
[BlackElo "1649"]
[PlyCount "67"]
[EventDate "2009.06.05"]
[EventType "swiss"]
[EventRounds "9"]
[EventCountry "GER"]
[SourceTitle "EXT 2012"]
[Source "ChessBase"]
[SourceDate "2011.11.24"]
[SourceVersion "1"]
[SourceVersionDate "2011.11.24"]
[SourceQuality "1"]

1. e4 d5 2. exd5 Qxd5 3. Nc3 Qa5 4. d4 c6 5. Nf3 Nf6 6. Bd3 Bf5 7. 0-0 Bxd3 8. Qxd3 e6 9. a3 Nbd7 10. h3 Bd6 11. Ne2 c5 12. Be3 Nd5 13. c4 Nxe3 14. fxe3 cxd4 15. exd4 Rd8 16. b4 Qh5 17. c5 Bb8 18. Rac1 0-0 19. Qe4 Qd5 20. Qh4 Qb3 21. Rc3 Qd5 22. Ng5 h6 23. Nxf7 Kh7 24. Rcf3 Rde8 25. Nc3 Qb3 26. Qe4+ Kg8 27. Qg6 Qc4 28. Nxh6+ Kh8 29. Nf7+ Rxf7 30. Qxf7 Qxd4+ 31. Kh1 Rf8 32. Qh5+ Kg8 33. Rxf8+ Nxf8 34. Qf7+ 1-0

[Event "Oberfranken-ch Seniors"]
[Site "Bischofsgruen"]
[Date "2009.06.10"]
[Round "6"]
[White "Hoellger, Herbert"]
[Black "Segelken, Peter"]
[Result "1-0"]
[WhiteElo "2074"]
[BlackElo "1912"]
[PlyCount "71"]
[EventDate "2009.06.05"]
[EventType "swiss"]
[EventRounds "9"]
[EventCountry "GER"]
[SourceTitle "EXT 2012"]
[Source "ChessBase"]
[SourceDate "2011.11.24"]
[SourceVersion "1"]
[SourceVersionDate "2011.11.24"]
[SourceQuality "1"]

1. d4 d5 2. c4 c6 3. Nf3 Nf6 4. Nc3 g6 5. e3 Bg7 6. Be2 0-0 7. 0-0 Bg4 8. Ne5 Bxe2 9. Qxe2 e6 10. Rd1 Nbd7 11. Nxd7 Qxd7 12. e4 dxe4 13. Nxe4 Nxe4 14. Qxe4 Rad8 15. Bg5 Rc8 16. Qh4 Rfe8 17. Rd2 Bf8 18. Qe4 Be7 19. Bf4 Bd6 20. Be3 Rcd8 21. Rad1 Bb4 22. Rd3 Bf8 23. Bg5 Be7 24. Bf4 Bd6 25. Bd2 c5 26. Bg5 Be7 27. dxc5 Qc7 28. Bxe7 Qxe7 29. Rd6 b6 30. Qd3 Rxd6 31. cxd6 Qd7 32. b4 Rc8 33. Rc1 Rc6 34. c5 bxc5 35. bxc5 f6 36. h3 1-0

[Event "Oberfranken-ch Seniors"]
[Site "Bischofsgruen"]
[Date "2009.06.09"]
[Round "5"]
[White "Segelken, Peter"]
[Black "Bullock, Alfred"]
[Result "1-0"]
[WhiteElo "1912"]
[BlackElo "1724"]
[PlyCount "69"]
[EventDate "2009.06.05"]
[EventType "swiss"]
[EventRounds "9"]
[EventCountry "GER"]
[SourceTitle "EXT 2012"]
[Source "ChessBase"]
[SourceDate "2011.11.24"]
[SourceVersion "1"]
[SourceVersionDate "2011.11.24"]
[SourceQuality "1"]

1. e4 d6 2. Nf3 Nd7 3. Bc4 h6 4. d4 e6 5. 0-0 b6 6. d5 e5 7. Nc3 Ngf6 8. h3 Be7 9. Nh2 0-0 10. a4 a6 11. Bd2 Nh7 12. f4 exf4 13. Bxf4 Ne5 14. Be2 Bf6 15. Qd2 Bg5 16. Nf3 Bxf4 17. Qxf4 Nxf3+ 18. Rxf3 Qg5 19. Raf1 Qxf4 20. Rxf4 Nf6 21. Kh2 Nd7 22. Bd3 Ne5 23. Ne2 Bd7 24. b3 b5 25. axb5 Nxd3 26. cxd3 Bxb5 27. Nc1 a5 28. R1f2 a4 29. bxa4 Bxa4 30. Ra2 f6 31. e5 Bc6 32. dxc6 Rxa2 33. Nxa2 fxe5 34. Rxf8+ Kxf8 35. Nb4 1-0

[Event "Oberfranken-ch Seniors"]
[Site "Bischofsgruen"]
[Date "2009.06.07"]
[Round "3"]
[White "Segelken, Peter"]
[Black "Josting, Friedel"]
[Result "1/2-1/2"]
[WhiteElo "1912"]
[BlackElo "2004"]
[PlyCount "63"]
[EventDate "2009.06.05"]
[EventType "swiss"]
[EventRounds "9"]
[EventCountry "GER"]
[SourceTitle "EXT 2012"]
[Source "ChessBase"]
[SourceDate "2011.11.24"]
[SourceVersion "1"]
[SourceVersionDate "2011.11.24"]
[SourceQuality "1"]

1. e4 c5 2. Nf3 e6 3. Nc3 Nc6 4. d3 Be7 5. Be3 b6 6. Be2 Bb7 7. 0-0 d6 8. h3 Nf6 9. Nh2 d5 10. exd5 Nxd5 11. Nxd5 Qxd5 12. Bf3 Qd7 13. Qe2 0-0 14. Rad1 Rfd8 15. a3 Rac8 16. Bxc6 Bxc6 17. f4 Bf6 18. b3 Bb2 19. a4 Bd4 20. Nf3 Bxf3 21. Qxf3 Qc6 22. Bxd4 cxd4 23. Qxc6 Rxc6 24. Rd2 Rdc8 25. Rff2 f5 26. g4 h6 27. Kg2 Kf7 28. Kf3 Rc5 29. Rfe2 R8c6 30. Rg2 Kf6 31. Rde2 Rc7 32. Rgf2 1/2-1/2

[Event "Merano Cup Gold 37th"]
[Site "Merano"]
[Date "2009.04.23"]
[Round "7"]
[White "Bauer, Dieter"]
[Black "Segelken, Peter"]
[Result "1-0"]
[WhiteElo "1872"]
[BlackElo "1909"]
[PlyCount "87"]
[EventDate "2009.04.17"]
[EventType "swiss"]
[EventRounds "9"]
[EventCountry "ITA"]
[SourceTitle "CBM 130 Extra"]
[Source "ChessBase"]
[SourceDate "2009.07.02"]
[SourceVersion "2"]
[SourceVersionDate "2009.07.15"]
[SourceQuality "1"]

1. e4 e5 2. Bc4 Nc6 3. d3 Nf6 4. Nc3 Bb4 5. a3 Bxc3+ 6. bxc3 h6 7. Ne2 0-0 8. 0-0 d5 9. exd5 Nxd5 10. Rb1 b6 11. Bd2 Nce7 12. f4 exf4 13. Nxf4 Nxf4 14. Rxf4 Qd6 15. Qh5 Qg6 16. Qf3 Be6 17. Bxe6 fxe6 18. Rf1 Rfe8 19. c4 e5 20. Rg4 Rf8 21. Rxg6 Rxf3 22. Rxg7+ Kxg7 23. Rxf3 Nc6 24. Rg3+ Kf7 25. Bxh6 Rc8 26. Be3 Ne7 27. Rf3+ Ke6 28. g4 e4 29. dxe4 Ke5 30. Rf7 Ng6 31. Kf2 Kxe4 32. Bg5 Kd4 33. h4 Kxc4 34. Rf5 Nf8 35. h5 Nh7 36. h6 Rg8 37. Be3 Rxg4 38. Rf7 Ng5 39. Rxc7+ Kd5 40. Bxg5 Rxg5 41. Rxa7 Rh5 42. h7 Kc5 43. Rg7 Kb5 44. Rg5+ 1-0